Geography Quiz

Random Geography or State Quiz

Find the Vowel States Quiz Stats

Quiz Updated Aug 16, 2016

Challenge
Share
Tweet
Score 0/12 Timer 01:30
83 Plays Today
% Correct
Illinois
91.3%
Idaho
91.1%
Oregon
90.5%
Indiana
90.2%
Arizona
89.6%
Alabama
89.3%
Ohio
88.9%
Utah
88.4%
Iowa
86.7%
Oklahoma
86.1%
Alaska
85.6%
Arkansas
85.2%

You're not logged in!

Compare scores with friends on all Sporcle quizzes.
Sign Up with Email
OR
Log In

You Might Also Like...

Show Comments

Extras

Top Quizzes Today


Score Distribution

Your Account Isn't Verified!

In order to create a playlist on Sporcle, you need to verify the email address you used during registration. Go to your Sporcle Settings to finish the process.